• 首页
  • 本馆介绍
  • 公告通知
  • 最新文献
  • 馆藏检索
  • 电子资源
  • 读者导购
  • 参考咨询
  • 我的图书馆
  • 登录
  • 详细信息显示
  • 放入我的书架
  • 预约/预借图书
  • 作者相关作品
  • 分类相关作品
  • 丛书相关作品
  • 出版社相关作品

书目信息

  • 表格格式
  • 工作单格式
  • 卡片格式
题名:
荒漠甘泉
    
 
作者: 考门 著述 ;胡小军 编译
分册:  
出版信息: 北京   团结出版社  1998
页数: 687页
开本: 20cm
丛书名:
单 册:
中图分类: B97-49 , B825
科图分类:
主题词: 基督教--通俗读物 , 基督教 , 伦理学
电子资源:
ISBN: 7-80130-249-4
000 00817nam0 2200277 450
001 0962125640
005 20090928171718.57
010    @a7-80130-249-4@dCNY32.00
100    @a20021005d1998 em y0chiy0110 ea
101 1  @achi@ceng
102    @aCN@b110000
105    @ay z 000yy
106    @ar
200 1  @a荒漠甘泉@Ahuang mo gan quan@e全译本@f(美)考门夫人(Mrs. Charles E. Cowman)著述@g胡小军编译
210    @a北京@c团结出版社@d1998
215    @a687页@d20cm
510 1  @aStreams in the desert@zeng
606 0  @a基督教@x通俗读物
606 0  @a基督教
606 0  @a伦理学
690    @aB97-49@v3
690    @aB825@v4
701  1 @c(美)@a考门@c(Cowman, Charles E.@f1870~1960)@Akao men@4著述
702  0 @a胡小军@Ahu xiao jun@4编译
801  0 @aCN@bNLC@c19990414
905    @a10447@dB825@eJY23
    
    荒漠甘泉:全译本/(美)考门夫人(Mrs. Charles E. Cowman)著述/胡小军编译 .-北京:团结出版社,1998
    687页;20cm
    
    
    ISBN 7-80130-249-4:CNY32.00
    
●
相关链接 在E读中查询图书 在五车中查询图书 在当当中查询图书 在豆瓣中查询图书


正题名:荒漠甘泉     索取号:B825/JY23         预约/预借

序号 登录号 条形码 馆藏地/架位号 状态 备注
1 7804879   278048792   学院路分馆/ [索取号:B825/JY23] 在馆    
2 7804880   278048809   学院路分馆/ [索取号:B825/JY23] 在馆    
3 7804881   278048818   学院路分馆/ [索取号:B825/JY23] 在馆    
4 7804882   278048827   学院路分馆/ [索取号:B825/JY23] 在馆    
唐山师范学院图书馆 欢迎您!
大连网信软件有限公司© 版权所有